000 00325nam a22001457a 4500
008 230913b ||||| |||| 00| 0 eng d
020 _a9780198519799BAR
041 _aeng
080 _a521
082 _a521BAR
100 _a19
101 _aASTRO
245 _aTHE WORLD WITHIN THE WORLD
_cBARROW.D.J
942 _2udc
_cBK
999 _c60361
_d60361